Studi di diritto romano tardoantico

Gespeichert in:
Bibliographische Detailangaben
1. Verfasser: Pergami, Federico (VerfasserIn)
Format: Buch
Sprache:Italienisch
Veröffentlicht: Turín G. Giappichelli 2011
Schlagworte:
Tags: Tag hinzufügen
Keine Tags, Fügen Sie den ersten Tag hinzu!

MARC

LEADER 00000cam a2200000 a 4500
001 UCF3063
003 CL-VaPUC
008 120927e20110000IT |||||||||||||||||ita|d
020 |a 9788834817520 
082 0 4 |a 340.54  |b PER  |2 21 
100 0 |a Pergami, Federico  |e author  |9 564973 
245 1 0 |a Studi di diritto romano tardoantico 
300 |a 544 p 
942 |c BK 
945 |d 20120927 00:00:00  |a cmena 
260 |a Turín  |b G. Giappichelli  |c 2011 
650 0 |a Derecho romano  |9 255930 
650 0 |a Historia del derecho  |9 255109 
583 |a last modification  |c 20120927 15:26:00  |k Rodrigo Vera 
999 |c 349584  |d 349582 
952 |0 0  |1 0  |4 0  |6 340_540000000000000_PER_2011  |7 0  |8 DER_ROM  |9 452249  |a BIBDER  |b BIBDER  |d 2019-11-22  |i 4905725  |l 1  |o 340.54 PER 2011  |p 4905725  |r 2023-01-25  |s 2020-12-22  |w 2019-11-22  |x Ubicación 4to piso  |y BK  |z Este recurso debe solicitarse con anticipación  |k DER